Statistics for Countries that are the Same in French and English

Click here to take the quiz!

General Stats

  • This quiz has been taken 212 times
    (198 since last reset)
  • The average score is 47 of 71

Answer Stats

Pays/Country% Correct
Canada
82%
Paraguay
82%
France
81%
Monaco
81%
Uruguay
81%
Honduras
79%
Cuba
78%
Panama
78%
Venezuela
78%
Haiti
77%
Portugal
77%
Luxembourg
75%
Nicaragua
75%
Oman
75%
Suriname
75%
Yémen
75%
Guatemala
74%
Guyana
74%
Laos
74%
Bahamas
73%
Costa Rica
73%
Qatar
73%
Tuvalu
73%
Angola
72%
Belize
72%
Viêt-Nam
72%
Mali
71%
Nauru
71%
Israël
70%
Niger
70%
Rwanda
70%
Vanuatu
70%
Bénin
68%
Iran
68%
Kenya
68%
Mozambique
68%
Sénégal
68%
Togo
68%
Afghanistan
67%
Kiribati
67%
Madagascar
67%
Népal
67%
Pakistan
67%
Tonga
67%
Liechtenstein
65%
Zimbabwe
65%
Lesotho
63%
Ukraine
63%
Djibouti
62%
Nigeria
62%
Samoa
62%
Seychelles
62%
Botswana
61%
Malawi
61%
Burundi
60%
Turkménistan
60%
Liberia
59%
Sri Lanka
59%
Kosovo
57%
Burkina Faso
56%
Gabon
56%
Kazakhstan
56%
Taiwan
55%
Ghana
54%
Bangladesh
53%
Côte d'Ivoire
53%
Sierra Leone
53%
Brunei
51%
Swaziland
51%
Monténégro
47%
Philippines
43%

Score Distribution

Percentile by Number Answered

Percent of People with Each Score

Your Score History

You have not taken this quiz since the last reset